| 000 | 00963nam a2200241 i 4500 | ||
|---|---|---|---|
| 001 | 182525 | ||
| 003 | ES-MaACL | ||
| 005 | 20250902070717.0 | ||
| 008 | 130911s2012 sp a | |||||||| | eng d | ||
| 020 | _a978-84-92937-37-0 | ||
| 080 | _a658 | ||
| 245 | 0 | 0 |
_aTowards a new theory of the firm : _bhumanizing the firm and the management profession / _cedited by Joan Enric Ricart Costa, Josep Maria Rosanas Martí ; Rafael Andreu Civit, Antonio Argandoña, Avner Ben-Ner ... [et al.]. |
| 260 |
_aBilbao : _bFundación BBVA, _c2012. |
||
| 300 |
_a430 p. : _bil., gráf. ; _c24 cm. |
||
| 504 | _aIncluye referencias bibliográficas e índice. | ||
| 650 | 7 |
_aGestión de empresas _2embne _912210 |
|
| 700 | 1 |
_aRicart Costa, Joan Enric. _9149287 |
|
| 700 | 1 |
_aRosanas i Martí, Josep M. _9153401 |
|
| 700 | 0 |
_aAndreu, Rafael. _921638 |
|
| 852 |
_aES-MaACL _jA-12909 _9189438 _bR.149102 _cDEPO1 _dOlim: N-5909 |
||
| 942 |
_2udc _cMONOGRAFIA |
||
| 999 |
_c182525 _d182525 |
||